PepsiCo or No? Quiz Stats

Quiz Updated Sep 11, 2015

Also try: Mars or Hershey?
Challenge
Share
Tweet
Embed
Score 0/52 Timer 05:00
4 Plays Today
Brand P/N % Correct
Pepsi???
96.9%
7-Up???
96.3%
Coke???
92.1%
Lipton tea???
91.1%
Mug root beer???
75.7%
Sprite???
75.6%
CornNuts???
67.1%
Arrowhead???
66.8%
Dasani???
65.6%
Poland Spring???
65.6%
Folgers???
64.9%
Mountain Dew???
64.5%
Kool-Aid???
64.4%
Canada Dry???
64.3%
Sierra Mist???
63.8%
Chex???
63%
Dr Pepper???
59.9%
Maxwell House???
58.7%
Minute Maid???
58.3%
Crystal Light???
58.1%
Aquafina???
58%
Hamburger Helper???
57.1%
Cheetos???
57%
Hawaiian Punch???
56.6%
Tostitos???
56.2%
Cheerios???
55.8%
Brand P/N % Correct
Lay's???
55.2%
A&W root beer???
54.5%
Doritos???
54.5%
Fritos???
53.8%
Quaker oatmeal???
53.5%
Sun Chips???
51.5%
Taster's Choice???
51.1%
Country Time???
51.1%
Dad's root beer???
50.3%
Ruffles???
50.3%
Orange Crush???
50.1%
Eggo waffles???
49.6%
Ocean Spray???
48.9%
Pizza Hut???
47.4%
Barq's root beer???
47.2%
Tropicana???
45.9%
Gatorade???
44.6%
Taco Bell???
43.1%
Brisk???
42.3%
Sunkist???
42.1%
KFC???
40.7%
SoBe???
39.7%
Cracker Jack???
37.5%
Aunt Jemima???
33%
Rice-a-Roni???
31.4%
Life???
25.4%

You're not logged in!

Compare scores with friends on all Sporcle quizzes.
Join for Free
OR
Log In

You Might Also Like...

Show Comments

Extras

Top Quizzes Today


Score Distribution

Your Account Isn't Verified!

In order to create a playlist on Sporcle, you need to verify the email address you used during registration. Go to your Sporcle Settings to finish the process.

Report this User

Report this user for behavior that violates our Community Guidelines.

Details: